000 00505nam a22001817a 4500
005 20230906103704.0
008 230906b |||||||| |||| 00| 0 eng d
020 _a978-1-4963-0909-9
041 _aeng
082 _a612.044
100 _a McARDLE, WILLIAM D. AND KATCH, FRANK L. & KATCH, VICTOR L
_98179
245 _aESSENTIALS OF EXERCISE PHYSIOLOGY
250 _a5TH ED, 2016
260 _aPHILADELPHIA
_bWOLTERS KLUWER
_c2016
300 _a702, P
650 _aPHYSIOTHERAPY
_98180
942 _cBK
999 _c8416
_d8414